000 01434nam a22004217a 4500
003 CHAP
005 20220329133042.0
008 971013s1990 r 00010 d
010 _a1627
011 _a2599
035 _a1794
040 _cCHAP
090 _aTesis
100 0 0 _aDíaz Magaña, José Alfredo.
_933542
245 _aVariabilidad de cuatro características de calidad del agua en el Río Tula (tramo Presa Requena-Ixmiquilpan)
260 _aMontecillo, Méx. :
_bEl autor,
_c1990
300 _a181 h.
_b: ilus. ; gráfs.
500 _a42-151
502 _aTesis (M.C. Esp. en Edafología) -- C.P. Centro de Edafología
590 _aALEPH
_b10
_c20130110
_lUCH01
_h1209
590 _aBATCH-UPD
_b10
_c20130110
_lUCH01
_h1238
590 _aBATCH-UPD
_b10
_c20130410
_lUCH01
_h0805
590 _aBATCH-UPD
_b10
_c20130913
_lUCH01
_h2236
590 _aBATCH-UPD
_b10
_c20130914
_lUCH01
_h1935
590 _aBATCH-UPD
_b10
_c20141001
_lUCH01
_h1310
590 _aCONVERSION
_b10
_c20130109
_lUCH01
_h1302
650 1 4 _aAgua
_xAnálisis.
_92280
650 1 4 _aAgua
_xAprovechamiento.
_92282
650 1 4 _aAgua
_xCalidad.
_92316
650 1 4 _aAgua
_xContaminación.
_92351
650 1 4 _aAgua
_xUtilización.
_92401
650 1 4 _aPresas
_xHidalgo.
_991489
650 1 4 _aRío Tula.
_999156
901 _aBK
942 _cFOLL
949 _bBC
_cTES
_d-11287
_eTS1
_h23538
_i1794
_si
949 _bBC
_cTES
_d-69857
_eTS2
_fc.2
_h23539
_i1794
_si
999 _c1627
_d1627